000
00210pam a2200121 a 4500
020
_c
041
_h
245
_a
The Life of Birrds
260
_c
1967
300
_a
546
653
_a
Birds
930
_a
1266
999
_c
247119
_d
247119